[Event "Superettan(Orgryte-Kristallen)"]
[Site "?"]
[Date "2021.12.05"]
[Round "2"]
[White "Ostling, Hakan"]
[Black "Eksmyr, Johan"]
[Result "1/2-1/2"]
[WhiteElo "2159"]
[BlackElo "2169"]
[PlyCount "111"]

1. f4 d5 2. Nf3 Bg4 3. e3 h5 4. c4 e6 5. Nc3 c6 6. d4 Nd7 7. Bd3 Nh6 8. O-O Be7
9. h3 Bf5 10. cxd5 Bxd3 11. Qxd3 cxd5 12. Ne5 Nxe5 13. fxe5 Qd7 14. e4 dxe4 15.
Qxe4 Nf5 16. Ne2 O-O-O 17. Be3 Qd5 18. Rac1+ Kb8 19. Qxd5 Rxd5 20. Bf2 Bg5 21.
Rc3 Rhd8 22. g4 hxg4 23. hxg4 Nh6 24. Rg3 R5d7 25. Rg2 f6 26. exf6 gxf6 27.
Bg3+ Ka8 28. Bf4 Rf7 29. Bxg5 fxg5 30. Rxf7 Nxf7 31. Rf2 Nh6 32. Rf6 Nxg4 33.
Rxe6 Kb8 34. Kg2 Rf8 35. Kg3 Nf6 36. Nc3 Rf7 37. Re5 Rg7 38. Rf5 Nh5+ 39. Kg4
Nf4 40. d5 Kc7 41. Rxg5 Rxg5+ 42. Kxg5 Nd3 43. b3 Kd6 44. Kf5 Nc5 45. b4 Nd3
46. a3 a6 47. Ke4 Ne1 48. a4 b6 49. a5 bxa5 50. bxa5 Kc5 51. Na4+ Kb5 52. d6
Kc6 53. Ke5 Nf3+ 54. Ke6 Nd4+ 55. Ke5 Nf3+ 56. Ke6 1/2-1/2

[Event "Superettan(Rockaden, Sthlm II-Burgsvik)"]
[Site "?"]
[Date "2021.12.05"]
[Round "2"]
[White "Andersson, Bjorn"]
[Black "Nikolic, Vladan"]
[Result "1-0"]
[WhiteElo "2121"]
[BlackElo "2221"]
[PlyCount "47"]

1. e4 e5 2. Nf3 Nc6 3. d4 exd4 4. Bb5 Bc5 5. O-O a6 6. Ba4 Nge7 7. Ng5 Ne5 8.
f4 N5g6 9. Qh5 b5 10. Bb3 d5 11. Nxf7 Kxf7 12. f5 Kg8 13. exd5 Qd6 14. Bf4 Nxf5
15. Bxd6 Nxd6 16. Nd2 Bd7 17. Ne4 Bb6 18. Rae1 Re8 19. Nxd6 cxd6 20. Rxe8+ Bxe8
21. Qf5 h6 22. Qe6+ Kh7 23. Qxd6 Ba7 24. Qc7 1-0

[Event "Superettan(Rockaden, Umea-Vasteras II)"]
[Site "?"]
[Date "2021.12.05"]
[Round "2"]
[White "Lindgren, Mats"]
[Black "Janse, Love"]
[Result "0-1"]
[WhiteElo "2152"]
[BlackElo "2190"]
[PlyCount "62"]
[EventDate "2021.??.??"]

1. e4 e6 2. d4 d5 3. Nc3 Bb4 4. e5 c5 5. a3 Bxc3+ 6. bxc3 Qc7 7. Nf3 b6 8. Bb5+
Bd7 9. Bd3 Ba4 10. O-O Ne7 11. Re1 c4 12. Bf1 O-O 13. Bg5 Ng6 14. h4 h6 15. Be3
Nd7 16. h5 Ne7 17. Qd2 Kh7 18. Bf4 Qc6 19. g3 f5 20. exf6 Nxf6 21. Ne5 Qe8 22.
g4 Ne4 23. Rxe4 dxe4 24. Bg2 Bc6 25. Nxc6 Qxc6 26. Re1 Nd5 27. Bxe4+ Kg8 28.
Be5 Qd7 29. f4 Qf7 30. Rf1 Qe7 31. f5 Qh4 0-1

[Event "Superettan(Orgryte-Kristallen)"]
[Site "?"]
[Date "2021.12.05"]
[Round "2"]
[White "Troberg Eskola, Love"]
[Black "Lindfors, Tom"]
[Result "1-0"]
[WhiteElo "2026"]
[BlackElo "2106"]
[PlyCount "137"]
[SourceDate "2021.12.15"]

1. c4 e5 2. Nc3 Nf6 3. e3 Bb4 4. Qb3 Nc6 5. a3 Bc5 6. Nf3 d6 7. Na4 Qe7 8. Nxc5
dxc5 9. d3 O-O 10. e4 h6 11. Qc3 Bg4 12. Be2 a5 13. b3 b6 14. Rb1 Rfe8 15. h3
Bxf3 16. Bxf3 Nd4 17. Bd1 Nd7 18. O-O Nf8 19. Kh2 Nfe6 20. g3 g5 21. Kg2 Qd6
22. Rh1 Kg7 23. h4 Qc6 24. Bg4 f6 25. Be3 Rf8 26. Bxe6 Nxe6 27. hxg5 hxg5 28.
Rh5 Rh8 29. Rbh1 Rxh5 30. Rxh5 Qd6 31. Rh1 Rd8 32. Rd1 Nf8 33. Qc2 Ng6 34. a4
Qd7 35. Qe2 Rh8 36. Rh1 Rxh1 37. Kxh1 Qh3+ 38. Kg1 Ne7 39. Bd2 Ng8 40. Be1 Nh6
41. Qf1 Qg4 42. f3 Qd7 43. Bc3 Nf7 44. Kg2 Nd8 45. Qe2 Ne6 46. Qd1 Kg6 47. Kf2
Qh7 48. Kg2 Qh5 49. Qe2 Qh7 50. Qd1 Nd8 51. f4 Qe7 52. fxe5 fxe5 53. Qg4 Nf7
54. Qf5+ Kg7 55. g4 Qd6 56. Kf2 Qf6 57. Kf3 c6 58. Bb2 Qxf5+ 59. gxf5 Kf6 60.
Kg4 Nh6+ 61. Kg3 Nf7 62. Bc1 Nh6 63. Be3 Nxf5+ 64. exf5 Kxf5 65. Kf3 g4+ 66.
Kg3 e4 67. d4 cxd4 68. Bxd4 c5 69. Be3 1-0

[Event "Superettan(Rockaden, Umea-Vasteras II)"]
[Site "?"]
[Date "2021.12.05"]
[Round "2"]
[White "Backman, Andreas"]
[Black "Hellstrom, Magnus"]
[Result "1-0"]
[WhiteElo "2109"]
[BlackElo "2083"]
[PlyCount "81"]
[EventDate "2021.??.??"]

1. e4 c5 2. b4 cxb4 3. d4 d5 4. exd5 Nf6 5. a3 Qxd5 6. axb4 e5 7. Qe2 Bxb4+ 8.
c3 Bd6 9. Ba3 Nc6 10. dxe5 Bxe5 11. f4 Bg4 12. Nf3 O-O-O 13. fxe5 Nxe5 14. Nbd2
Rhe8 15. O-O-O Qa2 16. Nb1 Rxd1+ 17. Qxd1 Bf5 18. Nfd2 Ne4 19. Qb3 Qxb3 20.
Nxb3 Nf2 21. Rg1 Nf3 22. Bb5 Re5 23. gxf3 Rxb5 24. N1d2 a5 25. c4 Re5 26. Rxg7
Nd3+ 27. Kc2 a4 28. Nd4 Ne1+ 29. Kd1 Bg6 30. Bd6 Re8 31. f4 Kd7 32. Nb5 Nd3 33.
f5 Bxf5 34. Rxf7+ Ke6 35. Rxb7 Rg8 36. Re7+ Kf6 37. Nf3 Rg2 38. Nbd4 Nb2+ 39.
Ke1 Nxc4 40. Bc5 a3 41. Nxf5 1-0

[Event "Superettan(Orgryte-Kristallen)"]
[Site "?"]
[Date "2021.12.05"]
[Round "2"]
[White "Gamback, Bjorn"]
[Black "Kumar, Rahul"]
[Result "0-1"]
[WhiteElo "2097"]
[BlackElo "2167"]
[PlyCount "98"]

1. Nf3 d6 2. b3 Nf6 3. Bb2 Nbd7 4. d3 g6 5. Nbd2 Bg7 6. e3 O-O 7. c4 a5 8. a3
e5 9. Qc2 Re8 10. Be2 Nc5 11. b4 Na6 12. b5 Nc5 13. a4 Bf5 14. O-O h6 15. Rfd1
g5 16. Bf1 Bg6 17. Ra3 Nfd7 18. Qb1 g4 19. Ne1 Qg5 20. Qa1 Ne6 21. g3 c6 22.
Ng2 Bf8 23. d4 d5 24. c5 exd4 25. exd4 Bc2 26. f4 gxf3 27. Nxf3 Qg6 28. Bd3
Bxd3 29. Raxd3 Ng5 30. Nxg5 hxg5 31. Re3 Rxe3 32. Nxe3 Re8 33. Qc1 Nf6 34. Bc3
Ne4 35. Be1 g4 36. Qc2 Qe6 37. Bxa5 Ng5 38. Nf1 Ra8 39. Bc3 Rxa4 40. Qg2 cxb5
41. Rb1 Rc4 42. Bd2 Rc2 43. Kh1 Nf3 44. Rc1 Rb2 45. Rd1 Bh6 46. Qf2 Qe4 47. Qg2
Bxd2 48. Nxd2 Rxd2 49. Rxd2 Qe1+ 0-1

[Event "Superettan(Rockaden, Sthlm II-Burgsvik)"]
[Site "?"]
[Date "2021.12.05"]
[Round "2"]
[White "Gumpert, Leo"]
[Black "Narva, David"]
[Result "0-1"]
[WhiteElo "1691"]
[BlackElo "2044"]
[PlyCount "88"]

1. b3 e5 2. Bb2 d6 3. c4 Nc6 4. e3 f5 5. a3 Nf6 6. g3 e4 7. d3 Be7 8. Bg2 O-O
9. Nc3 exd3 10. Qxd3 Ne5 11. Qc2 c6 12. Rd1 Qe8 13. Nge2 Qh5 14. h3 Nf3+ 15.
Kf1 g5 16. Nd4 Nxd4 17. Rxd4 Be6 18. Ne2 h6 19. h4 Qf7 20. hxg5 hxg5 21. Rd2
Qg6 22. Nd4 Ne4 23. Bxe4 fxe4 24. Nxe6 Qxe6 25. Rh8+ Kf7 26. Rh7+ Ke8 27. Rd4
Qf5 28. Rh2 d5 29. Qe2 Bf6 30. Rd2 Bxb2 31. Rxb2 Ke7 32. cxd5 cxd5 33. Qb5 Rh8
34. Qxb7+ Kd6 35. Qb4+ Ke6 36. f4 exf3 37. Qc3 Rac8 38. Qd2 Rxh2 39. Qxh2 Qd3+
40. Kf2 Rc2+ 41. Rxc2 Qxc2+ 42. Kg1 Qd1+ 43. Kf2 Qd2+ 44. Kg1 Qe1# 0-1

[Event "Superettan(Rockaden, Umea-Vasteras II)"]
[Site "?"]
[Date "2021.12.05"]
[Round "2"]
[White "Johansson, David"]
[Black "Bjorkman, Filip"]
[Result "1-0"]
[WhiteElo "2104"]
[BlackElo "1994"]
[PlyCount "75"]
[EventDate "2021.??.??"]
[SourceDate "2021.12.14"]

1. e4 c5 2. c3 Nf6 3. e5 Nd5 4. Nf3 d6 5. Bc4 e6 6. d4 Nb6 7. Bb3 cxd4 8. cxd4
dxe5 9. Nxe5 N8d7 10. Qf3 Nf6 11. Be3 Be7 12. Nc3 O-O 13. O-O Nbd5 14. Rac1
Nxc3 15. bxc3 Nd5 16. Bd2 Bf6 17. c4 Ne7 18. Bc3 Bxe5 19. dxe5 Nc6 20. Qe4 Qc7
21. Bc2 g6 22. h4 b6 23. h5 Bb7 24. Qh4 Qe7 25. Qg4 Rfd8 26. Rfe1 Rd7 27. hxg6
fxg6 28. Re3 Kg7 29. Rg3 Qf7 30. Rf3 Qe8 31. Rf6 Re7 32. Rd1 Rd8 33. Rd6 Bc8
34. Ba4 Bd7 35. Bxc6 Bxc6 36. Rfxe6 Rxe6 37. Rxe6 Qd7 38. Rxg6+ 1-0

[Event "Superettan(Orgryte-Kristallen)"]
[Site "?"]
[Date "2021.12.05"]
[Round "2"]
[White "Green, Per"]
[Black "Persson, Andreas"]
[Result "0-1"]
[WhiteElo "1954"]
[BlackElo "2106"]
[PlyCount "46"]

1. c4 c6 2. g3 d5 3. Nf3 Nf6 4. Bg2 dxc4 5. O-O Nbd7 6. Na3 Nb6 7. Qc2 Bg4 8.
Nxc4 e6 9. d3 Nxc4 10. Qxc4 Qd5 11. b3 Be7 12. Bb2 O-O 13. Qf4 Bh5 14. Ne5 Qd8
15. g4 Bg6 16. h4 h6 17. Nxg6 fxg6 18. Qe5 Qd7 19. Bh3 Bd6 20. Qe3 Nd5 21. Qe4
Nf4 22. Bg2 Qe7 23. e3 Ne2+ 0-1

[Event "Superettan(SS 4 Springare-Schack 08)"]
[Site "?"]
[Date "2021.12.05"]
[Round "2"]
[White "Nyander, Joakim"]
[Black "Sivuk, Vitalii"]
[Result "0-1"]
[WhiteElo "2253"]
[BlackElo "2526"]
[PlyCount "78"]
[SourceDate "2021.12.15"]

1. Nf3 d5 2. c4 d4 3. g3 Nc6 4. Bg2 e5 5. d3 Bb4+ 6. Bd2 a5 7. O-O Nf6 8. Na3
O-O 9. Nc2 Be7 10. a3 Re8 11. b4 e4 12. dxe4 axb4 13. e5 b3 14. Nb4 Bxb4 15.
Bxb4 b2 16. Rb1 Nxe5 17. Nxe5 Rxe5 18. e3 d3 19. Rxb2 Bg4 20. Bf3 Bxf3 21. Qxf3
Ne4 22. Rb3 b5 23. cxb5 Qd5 24. Rb2 Rd8 25. Rd1 h5 26. Qg2 Qxb5 27. f3 Nc5 28.
Bc3 Qa4 29. Qd2 Rxe3 30. Bb4 Ne6 31. Qxe3 Qxd1+ 32. Kg2 c5 33. Rd2 Qc1 34. Ba5
Ra8 35. Bb6 Rxa3 36. f4 c4 37. f5 Ra1 38. Qf2 Ng5 39. g4 Qh1+ 0-1

[Event "Superettan(Helsingborg-Farsta)"]
[Site "?"]
[Date "2021.12.05"]
[Round "2"]
[White "Livner, Anders"]
[Black "Kristensen, Kare Hove"]
[Result "1/2-1/2"]
[WhiteElo "372"]
[BlackElo "2345"]
[PlyCount "50"]

1. Nf3 Nf6 2. g3 b6 3. Bg2 Bb7 4. c4 g6 5. Nc3 Bg7 6. O-O O-O 7. d4 Ne4 8. Nxe4
Bxe4 9. d5 c6 10. Nd4 Bxg2 11. Kxg2 b5 12. cxb5 cxd5 13. Bg5 Qb6 14. Nf3 e6 15.
a4 Bxb2 16. Rb1 Bg7 17. Qd2 a6 18. a5 Qb7 19. b6 Nc6 20. h4 d4 21. Bh6 e5 22.
Bxg7 Kxg7 23. h5 f6 24. h6+ Kg8 25. Kh2 Ne7 1/2-1/2

[Event "Superettan(SS 4 Springare-Schack 08)"]
[Site "?"]
[Date "2021.12.05"]
[Round "2"]
[White "Galperin, Platon"]
[Black "Karlsson, Tomas"]
[Result "1-0"]
[WhiteElo "2524"]
[BlackElo "2313"]
[PlyCount "101"]

1. d4 d5 2. c4 e6 3. Nf3 a6 4. c5 b6 5. cxb6 cxb6 6. Bf4 Bd6 7. e3 Bxf4 8. exf4
Qd6 9. g3 Ne7 10. Bd3 Nbc6 11. Nc3 Bd7 12. Kf1 b5 13. h4 b4 14. Na4 Na5 15. Nc5
Bb5 16. b3 Nac6 17. Bxb5 axb5 18. Qd3 Nf5 19. Rc1 O-O 20. Rc2 h5 21. Kg2 Rfb8
22. Rhc1 Rb6 23. Nb7 Qd7 24. Nc5 Qd6 25. Re2 g6 26. Qd2 Rd8 27. Qb2 Ra8 28. Rd2
Rc8 29. Rdc2 Rbb8 30. Nd3 Nce7 31. Rc5 Qb6 32. Nxb4 Nd6 33. Ne5 Ra8 34. R5c2
Rxc2 35. Rxc2 Nef5 36. Nec6 Kg7 37. Nd3 Ne4 38. Nde5 Nexg3 39. fxg3 Ne3+ 40.
Kf3 Nxc2 41. Qxc2 Rc8 42. Kg2 b4 43. Kf3 Qa6 44. Kf2 Qb5 45. Ke1 Qa6 46. Nxb4
Rxc2 47. Nxa6 Rxa2 48. Nc5 Rg2 49. Ncd3 Rxg3 50. Kf2 Rh3 51. Nf3 1-0

[Event "Superettan(Helsingborg-Farsta)"]
[Site "?"]
[Date "2021.12.05"]
[Round "2"]
[White "Semcesen, Daniel"]
[Black "Degerman, Lars"]
[Result "1/2-1/2"]
[WhiteElo "2475"]
[BlackElo "2430"]
[PlyCount "99"]

1. d4 Nf6 2. c4 g6 3. Nc3 d5 4. Bg5 Ne4 5. Bh4 Nxc3 6. bxc3 dxc4 7. Qa4+ Qd7 8.
Qxc4 b6 9. Qb3 Ba6 10. Nf3 Bg7 11. e3 Bxf1 12. Kxf1 Nc6 13. Ke2 O-O 14. Rhd1
Na5 15. Qb4 e6 16. Kf1 Rfc8 17. Rab1 Qd5 18. a4 c5 19. Qb5 Qc4+ 20. Qxc4 Nxc4
21. Ke2 Rc6 22. Ne1 Rac8 23. Nd3 Nd6 24. f3 cxd4 25. cxd4 Rc4 26. Rb4 Rxb4 27.
Nxb4 Rc4 28. Rb1 a5 29. Nd3 Rc2+ 30. Kd1 Rxg2 31. Rxb6 Bf8 32. Rb8 Kg7 33. Rb2
Rg1+ 34. Be1 Nc4 35. Re2 Bd6 36. Kc2 Rg2 37. Rxg2 Nxe3+ 38. Kd2 Nxg2 39. Bg3
Bxg3 40. hxg3 h5 41. Ke2 h4 42. gxh4 Nxh4 43. Nc5 Nf5 44. Nb3 Ne7 45. Nxa5 Nd5
46. Nc4 Nc3+ 47. Kd3 Nxa4 48. Kc2 Kf6 49. Kb3 Kf5 50. Kxa4 1/2-1/2

[Event "Superettan(SS 4 Springare-Schack 08)"]
[Site "?"]
[Date "2021.12.05"]
[Round "2"]
[White "Bjorkeroth, Johan"]
[Black "Poley, Vladimir"]
[Result "0-1"]
[WhiteElo "2124"]
[BlackElo "2323"]
[PlyCount "94"]

1. Nf3 g6 2. g3 Bg7 3. Bg2 d5 4. c4 e6 5. O-O Nc6 6. Qc2 Nge7 7. d3 O-O 8. Nc3
d4 9. Nb5 e5 10. Bd2 h6 11. b4 g5 12. Na3 Ng6 13. b5 Nce7 14. Bb4 a5 15. bxa6
Rxa6 16. Nb5 Re8 17. Nd2 f5 18. Rad1 Rf6 19. c5 Bd7 20. Qc4+ Be6 21. Qc2 Nd5
22. Qa4 Bf7 23. Bxd5 Bxd5 24. Nxc7 Bc6 25. Qb3+ Kh7 26. Nxe8 Qxe8 27. f3 Ba4
28. Qb1 Bxd1 29. Rxd1 h5 30. Nc4 g4 31. Nd6 Qc6 32. Rf1 Bh6 33. Ba3 Be3+ 34.
Kh1 Ne7 35. Qb3 Kg6 36. Kg2 h4 37. h3 hxg3 38. hxg4 Nd5 39. gxf5+ Rxf5 40. Nxf5
Kxf5 41. Rg1 Bxg1 42. Bc1 Be3 43. Bxe3 Nxe3+ 44. Kxg3 Qg6+ 45. Kf2 Kf4 46. Ke1
Qg1+ 47. Kd2 Qa1 0-1

[Event "Superettan(Helsingborg-Farsta)"]
[Site "?"]
[Date "2021.12.05"]
[Round "2"]
[White "Ong, Kezli"]
[Black "Nilsson Hask, Patrik"]
[Result "1-0"]
[WhiteElo "2291"]
[BlackElo "2209"]
[PlyCount "53"]
[EventDate "2021.??.??"]

1. e4 e6 2. d3 d5 3. Nd2 Nf6 4. Ngf3 Nc6 5. c3 a5 6. e5 Nd7 7. d4 Be7 8. Bd3
O-O 9. h4 f5 10. g4 fxg4 11. Ng5 Bxg5 12. hxg5 g6 13. Qxg4 Ndxe5 14. dxe5 Nxe5
15. Qg3 Nxd3+ 16. Qxd3 Qxg5 17. Nf1 Qf6 18. Be3 c6 19. f4 e5 20. fxe5 Qxe5 21.
Qd4 Qe7 22. O-O-O Rf3 23. Re1 Qf7 24. Nh2 Rh3 25. Rhf1 Qc7 26. Qf6 Bf5 27. Bd4
1-0

[Event "Superettan(SS 4 Springare-Schack 08)"]
[Site "?"]
[Date "2021.12.05"]
[Round "2"]
[White "Jakenberg, Jussi"]
[Black "Stenman, Christoffer"]
[Result "0-1"]
[WhiteElo "2129"]
[BlackElo "1926"]
[PlyCount "60"]

1. d4 e6 2. Nf3 d5 3. g3 Nf6 4. Bg2 Be7 5. O-O O-O 6. c4 c6 7. Nc3 Nbd7 8. Qd3
b6 9. e4 Ba6 10. b3 Rc8 11. Bb2 c5 12. exd5 exd5 13. Nb5 dxc4 14. bxc4 cxd4 15.
Qxd4 Re8 16. Ng5 Bc5 17. Qf4 Re2 18. Rab1 Bxb5 19. cxb5 Qc7 20. Qh4 Rxf2 21.
Kh1 Re8 22. Ne4 Rxg2 23. Nxc5 Ree2 24. Nxd7 Qxd7 25. Rbd1 Rxh2+ 26. Qxh2 Rxh2+
27. Kxh2 Ng4+ 28. Kg1 Qc7 29. Rd3 h5 30. Rfd1 h4 0-1

[Event "Superettan(Helsingborg-Farsta)"]
[Site "?"]
[Date "2021.12.05"]
[Round "2"]
[White "Sylvan, Jacob"]
[Black "Hjelm, Niclas"]
[Result "1/2-1/2"]
[WhiteElo "2306"]
[BlackElo "2267"]
[PlyCount "73"]

1. c4 c6 2. g3 d5 3. Nf3 g6 4. Bg2 Bg7 5. O-O Nf6 6. Qc2 O-O 7. b3 Bg4 8. Bb2
Nbd7 9. d3 Bxf3 10. Bxf3 e5 11. cxd5 cxd5 12. Nc3 Rc8 13. Qd2 Nb8 14. Rfc1 Nc6
15. Bg2 Re8 16. Bh3 Rb8 17. Na4 h5 18. b4 Qe7 19. a3 Rbd8 20. Nc5 Ng4 21. Bxg4
hxg4 22. Nb3 Bf6 23. Rc2 a6 24. Qc3 Kg7 25. Qc5 Qd7 26. Qb6 Rh8 27. Nd2 Rde8
28. Nf1 Re6 29. Qc5 Nd4 30. Qc7 Nxe2+ 31. Kg2 Qxc7 32. Rxc7 Rc6 33. Rxb7 Rc2
34. Rb1 d4 35. Rb6 Ra8 36. a4 Ra7 37. a5 1/2-1/2

[Event "Superettan(SS 4 Springare-Schack 08)"]
[Site "?"]
[Date "2021.12.05"]
[Round "2"]
[White "Larsson, Roger"]
[Black "Zaritovskaja, Margo"]
[Result "1/2-1/2"]
[WhiteElo "1976"]
[BlackElo "2040"]
[PlyCount "72"]
[EventDate "2021.??.??"]

1. d4 Nf6 2. c4 e6 3. Nf3 d5 4. Bg5 Be7 5. e3 O-O 6. Nc3 b6 7. cxd5 Nxd5 8.
Bxe7 Qxe7 9. Nxd5 exd5 10. Bd3 c5 11. dxc5 bxc5 12. O-O Be6 13. b3 Nc6 14. Rc1
Nb4 15. Bb1 a5 16. a3 Na6 17. Qd3 g6 18. Qc3 Rfc8 19. Bd3 a4 20. bxa4 c4 21.
Bc2 Nc5 22. Ra1 Nxa4 23. Qd4 Nc5 24. Rfb1 Qd7 25. Ne5 Qd8 26. Ng4 Bxg4 27. Qxg4
Qf6 28. Qd1 Qc3 29. h3 Rxa3 30. Rxa3 Qxa3 31. Qxd5 Nd3 32. Bxd3 cxd3 33. Rb7
Qc1+ 34. Kh2 Qc4 35. Rd7 Qxd5 36. Rxd5 Rc2 1/2-1/2

[Event "Superettan(Helsingborg-Farsta)"]
[Site "?"]
[Date "2021.12.05"]
[Round "2"]
[White "Lindeman, Sven"]
[Black "Rosell, Tomas"]
[Result "1-0"]
[WhiteElo "151"]
[BlackElo "2187"]
[PlyCount "47"]

1. e4 c5 2. Nf3 d6 3. d4 cxd4 4. Nxd4 Nf6 5. Nc3 g6 6. Be3 Bg7 7. f3 Nc6 8. Qd2
O-O 9. O-O-O d5 10. Nxc6 bxc6 11. Bh6 Qa5 12. Bxg7 Kxg7 13. exd5 cxd5 14. g4 e6
15. Qd4 Qb6 16. Qe5 Qb8 17. Qe3 Qb6 18. Rd4 Rb8 19. Qe5 Qxb2+ 20. Kd2 h6 21. h4
Rh8 22. Rf4 Qb7 23. Qxf6+ Kh7 24. Bd3 1-0

[Event "Superettan(SS 4 Springare-Schack 08)"]
[Site "?"]
[Date "2021.12.05"]
[Round "2"]
[White "Mattsson, Michael"]
[Black "Sternlund, Hakan"]
[Result "1/2-1/2"]
[WhiteElo "2037"]
[BlackElo "2123"]
[PlyCount "99"]

1. e4 d6 2. d4 Nf6 3. Nc3 c6 4. Be2 Qa5 5. f3 e5 6. Be3 Nbd7 7. Nh3 d5 8. O-O
exd4 9. Bxd4 Bc5 10. exd5 Nxd5 11. Nxd5 cxd5 12. Nf4 Nf6 13. Kh1 Bxd4 14. Qxd4
O-O 15. Rfd1 Be6 16. g4 Rfd8 17. g5 Ne8 18. Bd3 Rd6 19. Re1 g6 20. Re5 Qb6 21.
Qxb6 Rxb6 22. b3 Rd8 23. Rae1 Ng7 24. Kg2 Rbd6 25. Rd1 Bf5 26. Re7 R8d7 27.
Rxd7 Bxd7 28. Be4 Bc6 29. Nxd5 Kf8 30. c4 Ne6 31. h4 Nf4+ 32. Kg3 Nh5+ 33. Kf2
f5 34. gxf6 Nxf6 35. Ke3 Bxd5 36. Bxd5 b6 37. Kf4 Nxd5+ 38. cxd5 Rf6+ 39. Ke4
Ke7 40. f4 Rf5 41. d6+ Kd7 42. Rd5 Rf6 43. f5 gxf5+ 44. Rxf5 Re6+ 45. Kf4 Kxd6
46. Rf7 Re7 47. Rxe7 Kxe7 48. Ke5 Kf7 49. Kf5 Kg7 50. a4 1/2-1/2

[Event "Superettan(Helsingborg-Farsta)"]
[Site "?"]
[Date "2021.12.05"]
[Round "2"]
[White "Rothman, Peter"]
[Black "Wisdahl, Peter"]
[Result "1-0"]
[WhiteElo "2105"]
[BlackElo "2048"]
[PlyCount "93"]

1. d4 Nf6 2. c4 e6 3. Nf3 Bb4+ 4. Bd2 c5 5. dxc5 Bxc5 6. e3 Nc6 7. a3 Ne4 8.
Bd3 Nxd2 9. Nbxd2 Be7 10. O-O O-O 11. Qc2 g6 12. Rfd1 Qc7 13. Rac1 Ne5 14. Nxe5
Qxe5 15. Nf3 Qa5 16. Nd4 d6 17. Be4 a6 18. g3 Qc7 19. h4 Kg7 20. Qc3 e5 21. Ne2
Bg4 22. f3 Be6 23. Bd5 Rab8 24. Kg2 Bf6 25. e4 Rfc8 26. Qe3 h6 27. b4 Be7 28.
Nc3 Bf8 29. h5 Qe7 30. hxg6 Kxg6 31. f4 exf4 32. gxf4 Kh7 33. e5 Qh4 34. Bxe6
fxe6 35. Ne4 dxe5 36. fxe5 Be7 37. Ng3 Rg8 38. Rh1 Rxg3+ 39. Qxg3 Qe4+ 40. Kh2
Rg8 41. Rhe1 Qf5 42. Qh3 Qf2+ 43. Kh1 Bg5 44. Rf1 Qd4 45. Rf7+ Kh8 46. Rg1 Qxe5
47. Qd3 1-0

[Event "Superettan(SS 4 Springare-Schack 08)"]
[Site "?"]
[Date "2021.12.05"]
[Round "2"]
[White "Wiklund, Johan"]
[Black "Horta, Hector"]
[Result "0-1"]
[WhiteElo "1920"]
[BlackElo "1890"]
[PlyCount "126"]

1. Nf3 g6 2. c4 Bg7 3. Nc3 c5 4. d4 cxd4 5. Nxd4 Nc6 6. Nc2 Nf6 7. g3 d6 8. Bg2
O-O 9. O-O Be6 10. Ne3 Qd7 11. Qd2 Bh3 12. b3 Bxg2 13. Kxg2 Ne4 14. Nxe4 Bxa1
15. Ba3 Bg7 16. c5 Qe6 17. Ng5 Qe5 18. Nc4 Qd4 19. Qxd4 Nxd4 20. cxd6 exd6 21.
Nxd6 Nc2 22. Bc1 b6 23. Bf4 Rad8 24. g4 Rd7 25. e3 Rfd8 26. Rc1 Nb4 27. Ngxf7
Rxf7 28. Nxf7 Kxf7 29. Rc7+ Kg8 30. Rxa7 Nd5 31. Bg3 Bc3 32. e4 Nf6 33. f3 Rd2+
34. Kh3 g5 35. Rc7 Bd4 36. Rc4 Nd7 37. Rc8+ Kf7 38. Rc7 Bc5 39. Ra7 Ke6 40. Ra8
Rb2 41. Re8+ Kf7 42. Rd8 Ke7 43. Rh8 Nf6 44. e5 Nd5 45. Rxh7+ Ke6 46. Rh6+ Kd7
47. Rh7+ Kc6 48. Rf7 Be3 49. e6 Nf4+ 50. Bxf4 Bxf4 51. Rxf4 gxf4 52. g5 Kd6 53.
Kg4 Kxe6 54. h4 Ke5 55. Kh5 Kf5 56. Kh6 Rg2 57. a4 Rg3 58. b4 Rxf3 59. g6 Rg3
60. h5 f3 61. a5 bxa5 62. bxa5 f2 63. Kh7 Kf6 0-1

[Event "Superettan(Helsingborg-Farsta)"]
[Site "?"]
[Date "2021.12.05"]
[Round "2"]
[White "Lagerborg, Krister"]
[Black "Olsson, Fredric"]
[Result "1-0"]
[WhiteElo "2137"]
[BlackElo "2086"]
[PlyCount "89"]

1. e4 c5 2. Nf3 Nc6 3. d4 cxd4 4. Nxd4 e6 5. Be3 Nf6 6. Nc3 Bb4 7. f3 O-O 8.
Bd3 d5 9. Nxc6 bxc6 10. Bd2 dxe4 11. Nxe4 Nxe4 12. Bxe4 Qb6 13. c3 Bc5 14. Qb3
Bf2+ 15. Kd1 Qc7 16. Qc4 Rd8 17. Kc2 Bb7 18. Rad1 Qb6 19. Bg5 Rxd1 20. Rxd1 h6
21. Bf4 Rd8 22. Rxd8+ Qxd8 23. Bxc6 Bxc6 24. Qxc6 Qa5 25. Qa8+ Kh7 26. Qe4+ Kg8
27. a4 Qa6 28. g4 f5 29. gxf5 exf5 30. Qe8+ Kh7 31. Qb5 Qe6 32. Qe5 Qd7 33. b3
Bh4 34. Qc7 Qe6 35. Be5 Qg6 36. Kb2 Qg1 37. Bd4 Qg2+ 38. Ka3 a5 39. Qxa5 Be7+
40. b4 Qc2 41. Qe5 Qc1+ 42. Kb3 Qb1+ 43. Kc4 Qf1+ 44. Kd5 Qxf3+ 45. Ke6 1-0

[Event "Superettan(SS 4 Springare-Schack 08)"]
[Site "?"]
[Date "2021.12.05"]
[Round "2"]
[White "Religa, Marek"]
[Black "Lofgren, Tomas"]
[Result "1-0"]
[WhiteElo "166"]
[BlackElo "1878"]
[PlyCount "91"]

1. e4 d5 2. exd5 Qxd5 3. Nc3 Qa5 4. Nf3 Nf6 5. Be2 e5 6. d3 Be7 7. Bd2 c6 8.
O-O O-O 9. Re1 Be6 10. d4 exd4 11. Nxd4 Bd5 12. Bf3 Bxf3 13. Qxf3 Re8 14. Nf5
Qd8 15. Bg5 Nbd7 16. Rad1 Bb4 17. Ne4 Bxe1 18. Bxf6 Qxf6 19. Nxf6+ Nxf6 20. c3
Rad8 21. Nd4 Bd2 22. h4 Bh6 23. g4 c5 24. g5 cxd4 25. gxh6 dxc3 26. Rxd8 Rxd8
27. Qxc3 Ne8 28. hxg7 Nxg7 29. Qc7 Rd1+ 30. Kg2 Ne6 31. Qxb7 Rd2 32. a3 a5 33.
Qa8+ Nf8 34. b3 Rd3 35. Qxa5 Rxb3 36. Qg5+ Kh8 37. Qf6+ Kg8 38. h5 Ne6 39. a4
Rb4 40. Qe7 Rg4+ 41. Kf3 Rf4+ 42. Kg3 Rf5 43. h6 Rh5 44. Qe8+ Nf8 45. Qc6 Re5
46. Qf6 1-0

[Event "Superettan(Rockaden, Umea-Vasteras II)"]
[Site "?"]
[Date "2021.12.05"]
[Round "2"]
[White "Norberg, Johan"]
[Black "Eriksson, Jorgen"]
[Result "1/2-1/2"]
[WhiteElo "2289"]
[BlackElo "2195"]
[PlyCount "86"]
[EventDate "2021.??.??"]
[SourceDate "2021.12.14"]

1. e4 e5 2. Nf3 Nc6 3. Bc4 Nf6 4. d3 Bc5 5. c3 d6 6. b4 Bb6 7. a4 a6 8. Be3
Bxe3 9. fxe3 Be6 10. Bxe6 fxe6 11. Nbd2 O-O 12. O-O Qe7 13. Qe2 Nd7 14. d4 exd4
15. exd4 e5 16. Qc4+ Kh8 17. d5 Nb6 18. Qd3 Nd8 19. Nb3 Nd7 20. c4 Nf6 21. g3
g6 22. Kg2 Kg7 23. c5 Nf7 24. Rac1 Nh5 25. Qe3 h6 26. Na5 Ng5 27. Nxg5 hxg5 28.
cxd6 cxd6 29. Qb6 Rxf1 30. Rxf1 Nf6 31. Rc1 Nd7 32. Qe3 b6 33. Nc6 Qe8 34. Qxg5
Nf6 35. Rf1 Nh7 36. Qe3 b5 37. a5 Qd7 38. Qb6 Ng5 39. Qe3 Qh3+ 40. Kg1 Qg4 41.
Kg2 Qh3+ 42. Kg1 Qg4 43. Kg2 Qh3+ 1/2-1/2

[Event "Superettan(Orgryte-Kristallen)"]
[Site "?"]
[Date "2021.12.05"]
[Round "2"]
[White "Andersson, Goran L"]
[Black "Olsson, William"]
[Result "0-1"]
[WhiteElo "2256"]
[BlackElo "2352"]
[PlyCount "80"]

1. e4 c5 2. Nf3 d6 3. Bb5+ Nd7 4. Ba4 Ngf6 5. O-O a6 6. c4 e5 7. Nc3 Be7 8. d3
O-O 9. a3 Nb6 10. Bc2 a5 11. Rb1 Bd7 12. b4 axb4 13. axb4 cxb4 14. Nd5 Nfxd5
15. exd5 f5 16. Rxb4 Bc8 17. Be3 Nd7 18. Ne1 f4 19. Bd2 Qe8 20. Ba4 Bd8 21. f3
Qe7 22. Bxd7 Qxd7 23. Rb5 Rf6 24. d4 Qf5 25. dxe5 Qxe5 26. Qc1 Bb6+ 27. Rxb6
Qd4+ 28. Kh1 Qxb6 29. Nd3 Qd4 30. Qc3 Qxc3 31. Bxc3 Rf7 32. Bb4 Ra6 33. c5 dxc5
34. Nxc5 Rb6 35. Bd2 Rd6 36. Ne4 Rxd5 37. Rc1 Bd7 38. Bb4 Bc6 39. h4 h6 40. Nd6
Rd7 0-1

[Event "Superettan(Rockaden, Sthlm II-Burgsvik)"]
[Site "?"]
[Date "2021.12.05"]
[Round "2"]
[White "Haitin, Ilja"]
[Black "Bator, Robert"]
[Result "1/2-1/2"]
[WhiteElo "2353"]
[BlackElo "2356"]
[PlyCount "73"]
[SourceDate "2021.12.15"]

1. e4 c5 2. c3 Nf6 3. e5 Nd5 4. Nf3 Nc6 5. d4 cxd4 6. cxd4 d6 7. Bc4 Nb6 8. Bb5
Bd7 9. Nc3 dxe5 10. dxe5 g6 11. O-O Bg7 12. Bf4 O-O 13. Qe2 a6 14. Bxc6 Bxc6
15. Rfd1 Nd5 16. Nxd5 Bxd5 17. Qe3 Qd7 18. Bh6 Rad8 19. Rd4 f6 20. Bxg7 Kxg7
21. Rad1 e6 22. h4 f5 23. h5 Qe7 24. hxg6 Bxf3 25. Qxf3 Rxd4 26. Rxd4 hxg6 27.
Rd6 Qc7 28. Qc3 Qf7 29. Qh3 Re8 30. Rb6 Re7 31. a4 g5 32. a5 Rc7 33. Qe3 f4 34.
Qe1 Qf5 35. Rb3 Kg6 36. Rc3 Rd7 37. Rc8 1/2-1/2